书目信息 |
| 题名: |
孤独是迷人的:艾米莉·狄金森的秘密日记
|
|
| 作者: | 艾米莉·狄金森 著 | |
| 分册: | ||
| 出版信息: | 天津 百花文艺出版社 2000.10 |
|
| 页数: | 185页 | |
| 开本: | 20cm | |
| 丛书名: | ||
| 单 册: | ||
| 中图分类: | I712.65 | |
| 科图分类: | ||
| 主题词: | 文学 | |
| 电子资源: | ||
| ISBN: | 7-5306-3040-7 | |
| 000 | 00617nam0 2200193 45 | |
| 001 | 0362976818 | |
| 005 | 2003060217293663 | |
| 010 | @a7-5306-3040-7@dRMB 11.20 | |
| 100 | @a20030602d2000 km y0chiy0120 ea | |
| 101 | 0 | @achi |
| 102 | @aCN@b120000 | |
| 200 | 1 | @a孤独是迷人的:艾米莉·狄金森的秘密日记@Agu du shi mi ren de:ai mi li·di jin sen de mi mi ri ji@f艾米莉·狄金森著@Fai mi li·di jin sen zhu |
| 210 | @a天津@c百花文艺出版社@d2000.10 | |
| 215 | @a185页@d20cm | |
| 606 | 0 | @a文学 |
| 690 | @aI712.65@v3 | |
| 701 | 0 | @a艾米莉·狄金森@Aai mi li·di jin sen@4著 |
| 801 | 0 | @aCN@bPFT@c20030602 |
| 905 | @dI712.65@eA360 | |
| 孤独是迷人的:艾米莉·狄金森的秘密日记/艾米莉·狄金森著.-天津:百花文艺出版社,2000.10 |
| 185页;20cm |
| ISBN 7-5306-3040-7:RMB 11.20 |
| ● |
| 相关链接 |
|
|
|
正题名:孤独是迷人的:艾米莉·狄金森的秘密日记
索取号:I712.65/A360
 
预约/预借
| 序号 | 登录号 | 条形码 | 馆藏地/架位号 | 状态 | 备注 |
| 1 | 368919 | 203689197 | 文学库116/116文学库 30排2列5层/ [索取号:I712.65/A360] | 在馆 | |
| 2 | 368920 | 203689204 | 社科二线422/422社科库 27排1列5层/ [索取号:I712.65/A360] | 在馆 | |
| 3 | 368921 | 203689213 | 社科二线422/422社科库 27排1列5层/ [索取号:I712.65/A360] | 在馆 | |
| 4 | 368922 | 203689222 | 文学库116/ [索取号:I712.65/A360] | 在馆 |